| 000 | 00997cam a2200253 4500 | ||
|---|---|---|---|
| 001 | WB3736-25 | ||
| 008 | 010926n2001 000 0 eng u | ||
| 035 | _a(Sirsi) u114832 | ||
| 245 | _aSkyscrapers face huge cost rise | ||
| 260 | _c2001 | ||
| 490 |
_aBuilding _v266(8202) 21 September 2001, 11(1) |
||
| 520 | _aSkyscraper developments may no longer be viable as they face tougher fire regulations and higher premiums as the cost of terrorism insurance increases in the aftermath of the attack on the World Trade Center. Construction costs could rise by 300% as building materials conform to new fire standards. Architects could also face higher insurance costs. | ||
| 590 | _aWB | ||
| 650 | _aCONSTRUCTION COSTS | ||
| 650 | _aTALL BUILDINGS | ||
| 650 | _aFIRE REGULATIONS | ||
| 650 |
_aHEALTH AND SAFETY _96244 |
||
| 650 | _aWORLD TRADE CENTER | ||
| 650 | _aNEW YORK | ||
| 650 | _aTERRORISM INSURANCE | ||
| 650 | _aTERRORIST ATTACKS | ||
| 690 |
_aINSURANCE _96249 |
||
| 942 | _n0 | ||
| 999 |
_c68363 _d68363 |
||